1542 1078 1157 1798 1286 1054 1763 1174 1745 1683 1358 1518 1468 1866 1765 1978 1933 1139 1909 1753 1556 1401 1689 1800 1087 1100 1817 1535 1966 1818 1284 1036 1853 1306 1113 1956 1866 1988 1932 1988 1269 1465 1707 1371 1401 1402 1986 1903 1614 1599 1268 1397 1911 1688 1171 1861 1764 1528 1326 1142 1087 1413 1983 1910 1525 1324 1062 1927 1105 1815 1290 1718 2000 1525 1144 1052 1211 1304 1782 1790 1723 1099 1835 1759 1641 1217 1247 1986 1180 1573 1177 1556 1091 1582 1074 1180 1485 1582 1307 BCNSPRNW ULIB Ver.6.0+V

เปลี่ยนเป็นภาษาไทย

Change to English
 แสดงรายละเอียดบรรณานุกรม
  กลับหน้าหลัก

Brief Record : Get Marc (ISO 2709) : E-mail record : QR code < ปิดหน้าต่าง
LEADER : 00000nam 2200000uu 4500
001    13399123007
003     ULIB
008    131128s2555||||th 000 0 tha d
020    ^a9786162142468
090    ^aนว.^bพ656พ ล.6
100    ^aพนมเทียน
245    ^aเพชรพระอุมา : ดงมรณะ ล.2 /^cพนมเทียน
250    ^aพิมพ์ครั้งที่ 6
260    ^aกรุงเทพฯ :^bณ บ้านวรรณกรรม,^c2555
300    ^a455 หน้า
945    ^p225^l0^i034210
999    ^aเกษร โพธิ์สุวรรณ
รายการนี้ยังไม่มีแท็ก
คุณยังไม่ได้ล็อกอิน คุณสามารถมีกิจกรรมร่วมกับเว็บไซต์ได้ แต่ต้องล็อกอินก่อน ::
  ล็อกอิน

รายการสื่อสารสนเทศ

ลำดับที่ ประเภท เลขเรียก/บาร์โค้ด สถานที่ สถานะ
1. นวนิยาย
นวนิยาย
นว. พ656พ ล.6  
  Barcode: 034210
ห้องสมุดวิทยาเขตสวรรค์ประชารักษ์
►นวนิยาย
บนชั้น
  ขอยืม

รายการใกล้เคียง
    ผู้แต่ง [พนมเทียน]

BibComment


ยังไม่เคยถูกคอมเมนท์

คอมเมนท์ทรัพยากรรายการนี้
  คอมเมนท์: เพชรพระอุมา ดงม..


 Copyright 2026. Bcnsprnw @Library